| 000 | 00546nam a22001817a 4500 | ||
|---|---|---|---|
| 003 | OSt | ||
| 005 | 20260422052744.0 | ||
| 008 | 260422b |||||||| |||| 00| 0 eng d | ||
| 020 | _a0-07-120445-8 | ||
| 040 |
_aDWC-Main lib _cOC |
||
| 082 |
_24th edition _aCirc. 729.2 T482 2001 |
||
| 100 | _aChiara, Joseph De | ||
| 245 |
_aTime-saver standards for building types/ _cJoseph De Chara |
||
| 260 |
_aUSA : _bMcGraw-Hill, _cc2001. |
||
| 300 |
_axv, 1005 pages ; _c26 cm. |
||
| 504 | _aIncludes index. | ||
| 942 |
_2ddc _cBK-CIRC _e4th ed. _hCirc. _n0 |
||
| 999 |
_c9680 _d9680 |
||